Catálogo de la Biblioteca Horacio González - Universidad Nacional de General Sarmiento

Sol ardiente (Registro nro. 54507)

Detalles MARC
000 -CABECERA
campo de control de longitud fija 01043ngm a22002530a 4500
001 - NÚMERO DE CONTROL
campo de control PT19069
003 - IDENTIFICADOR DEL NÚMERO DE CONTROL
campo de control AR-LpoUNG
005 - FECHA Y HORA DE LA ÚLTIMA TRANSACCIÓN
campo de control 20210202000256.0
007 - CAMPO FIJO DE DESCRIPCIÓN FÍSICA--INFORMACIÓN GENERAL
campo de control de longitud fija vd cvaizq
008 - DATOS DE LONGITUD FIJA--INFORMACIÓN GENERAL
campo de control de longitud fija 191001s1994||||ag |||||||||||||||||rus d
040 ## - FUENTE DE LA CATALOGACIÓN
Centro catalogador/agencia de origen AR-LpoUNG
Lengua de catalogación spa
Centro/agencia transcriptor AR-LpoUNG
Normas de descripción aacr
041 ## - CÓDIGO DE LENGUA
Código de lengua del texto/banda sonora o título independiente rus
-- spa
082 0# - NÚMERO DE LA CLASIFICACIÓN DECIMAL DEWEY
Número de clasificación 947.084 618sol
100 1# - ENTRADA PRINCIPAL--NOMBRE DE PERSONA
Nombre de persona Mijalkov, Nikita
Término indicativo de función/relación dir.
245 10 - MENCIÓN DE TÍTULO
Título Sol ardiente
260 ## - PUBLICACIÓN, DISTRIBUCIÓN, ETC.
Lugar de publicación, distribución, etc. s.l.
Nombre del editor, distribuidor, etc. s.e.
Fecha de publicación, distribución, etc. 1994.
300 ## - DESCRIPCIÓN FÍSICA
Extensión VHS (152 min.) : son., col.
520 ## - SUMARIO, ETC.
Sumario, etc. En el verano de 1935, en una casona en las afueras de Moscú, un coronel heroe de la Revolución Bolchevique vive retirado junto a su joven esposa, su hija y demás parientes. Luego de una larga ausencia llega de visita un viejo amigo de la familia y primer amor de la mujer del militar. Mas allá de la alegría del reencuentro, el coronel reconoce en el visitante no sólo un competidor por el amor de su esposa, sino alguien con una misión siniestra que cumplir.
650 #4 - PUNTO DE ACCESO ADICIONAL DE MATERIA--TÉRMINO DE MATERIA
Término de materia o nombre geográfico como elemento de entrada URSS
651 #4 - PUNTO DE ACCESO ADICIONAL DE MATERIA--NOMBRE GEOGRÁFICO
Nombre geográfico URSS
653 ## - TÉRMINO DE INDIZACIÓN--NO CONTROLADO
Término no controlado VIDEOS
905 ## - ELEMENTOS DE DATOS E LOCAL, LDE (RLIN)
a 19069
942 ## - ELEMENTOS DE PUNTO DE ACCESO ADICIONAL (KOHA)
Tipo de ítem Koha Video
Existencias
Estado de retiro Estado de pérdida Estado dañado No para préstamo Código de colección Localización permanente Ubicación/localización actual Fecha de adquisición Total de préstamos Signatura topográfica completa Código de barras Fecha visto por última vez Precio válido a partir de Tipo de ítem Koha
        Colección Cine Biblioteca Universidad Nacional de General Sarmiento Biblioteca Universidad Nacional de General Sarmiento 02/02/2021   947.084 618sol 00021201 02/02/2021 02/02/2021 Video